| 000 | 00802nam a22002055i 4500 | ||
|---|---|---|---|
| 001 | 162714 | ||
| 003 | ES-MaACL | ||
| 005 | 20250930063144.0 | ||
| 008 | 950928s1840 sp |||| | spa d | ||
| 040 |
_aCAT _bspa _cCAT _dCCPB |
||
| 080 | 4 | _a946.71 | |
| 100 | 1 |
_aPujades, Jeronimo, _d1568-1635 _9131431 |
|
| 245 | 1 | 0 |
_aCompendio de la Crónica universal de Cataluña / _cescrita por el Dr. D. Gerónimo Pujades a principio del siglo XVII, y publicada en el año 1829 ; compuesto por D. José Grau y Codina. |
| 260 |
_aBarcelona : _b[s.n.], _c1840 ( _fImprenta de Valentín Torras) |
||
| 300 |
_a542 p. ; _c21 cm. |
||
| 700 | 1 |
_aGrau y Codina, José María, _eed. lit. _9127544 |
|
| 752 |
_aEspaña - _dBarcelona |
||
| 852 |
_aES-MaACL _jF-4292 _z-- Enc. pasta |
||
| 999 |
_c162714 _d162714 |
||